000 00701nam a2200265Ia 4500
008 220216s9999 xx 000 0 und d
100 _aThomas M
245 0 _aAnalysis of drought responsive gene expression in Hevea brasiliensis
260 _bNatural Rubber Research
_c2011
300 _a247-252
650 _aDrought stress
650 _aGene expression
650 _aHevea brasilienis
650 _aqPCR analysis
650 _aStress responsive genes
700 _aAnnamalainathan K
700 _aJacob J
700 _aKrishnakumar R
700 _aKuruvilla L
700 _aLuke L.P
700 _aSatheesh P R
700 _aSathik M B M
700 _aSumesh K V
942 _cBS
999 _c50440
_d50440